Etes-vous meilleur que Jacques à Questions pour un Champion ? - Statistiques

Statistiques générales
  • Ce quiz a été pris 93 fois
  • Le résultat moyen est 3 sur 6
Statistiques - réponses
Question Réponse de Jacques Réponse % Correct
Quelle mer communique avec l'Atlantique par le détroit de Gibraltar ? La Mer du Nord Mer Méditerranée
94%
Au bord de quelle mer est située la station balnéaire de Yalta ? C'est la Mer Noire C'est la Mer Noire
55%
Quelle mer fermée de l'Asie occidentale est bordée par la Jordanie et par Israël ? C'est la Mer Noire Mer Morte
55%
Quelle mer située entre l'Arabie et l'Afrique est reliée à la Méditerranée par le canal de Suez ? C'est la Mer Noire Mer Rouge
50%
Sous quel autre nom connaît-on la Mer des Caraïbes ? La Mer... Mer des Antilles
28%
Quelle mer faisant partie de l'Océan Arctique borde la Sibérie ?* C'est la Mer Noire, la mer... Mer des Laptev/ Mer de Sibérie Orientale/ Mer des Tchouktches
1%
Aucun quiz correspondant
Distribution des résultats
% des personnes avec chaque résultat
Percentile par nombre de réponses
Votre historique - résultats
Vous n’avez pas pris ce quiz